000 00663nam a22002177a 4500
003 OSt
005 20140310182320.0
008 130313t xxu||||| |||| 00| 0 eng d
020 _a0865923841
050 _aBF 637.H4
_b.G64 1987
082 _aGS 177
_bG58 1987
100 _aGoley, Elaine
_921110
245 _aHelping /
_cElaine P. Goley ; illustrated by Debbie Crocker.
260 _aVero Beach, FL :
_b Rourke Enterprises,
_c1987.
300 _a32 p. :
_bcol. ill. ;
_c27 cm.
440 _aLearn the value of
_921111
650 _aHelping behavior
_xJuvenile literature.
_921124
650 _aHelpfulness.
_921125
942 _2lcc
_cBK-GS
999 _c11807
_d11807